Antolojía jeneral en prosa (Record no. 184661)

MARC details
000 -LEADER
campo de control de longitud fija 01365nam a2200301 i 4500
001 - NÚMERO DE CONTROL
campo de control 184661
003 - IDENTIFICADOR DE NÚMERO DE CONTROL
campo de control ES-MaACL
005 - FECHA Y HORA DE LA ÚLTIMA TRANSACCIÓN
campo de control 20240510193409.0
008 - DATOS DE LONGITUD FIJA--INFORMACIÓN GENERAL
campo de control de longitud fija 151103s2005 sp |||| |dspa d
020 ## - NÚMERO INTERNACIONAL ESTÁNDAR DEL LIBRO
Número Internacional Estándar del Libro 84-473-4612-9
080 ## - NÚMERO DE LA CLASIFICACIÓN DECIMAL UNIVERSAL
Número de la Clasificación Decimal Universal 821.134.2-82"19"
100 1# - ENTRADA PRINCIPAL--NOMBRE DE PERSONA
Nombre de persona Jiménez, Juan Ramón,
Fechas asociadas al nombre 1881-1958
9 (RLIN) 66417
245 10 - MENCIÓN DEL TÍTULO
Título Antolojía jeneral en prosa
Resto del título : 1898-1954 /
Mención de responsabilidad, etc. Juan Ramón Jiménez ; selección, organización y prólogo por Ángel Crespo y Pilar Gómez Bedate ; [introducción, Antonio Sánchez-Barbudo].
246 34 - FORMA VARIANTE DEL TITULO
Título propio/Titulo breve Obras selectas
Fecha o designación secuencial I
260 ## - PUBLICACIÓN, DISTRIBUCIÓN, ETC.
Lugar de publicación, distribución, etc. Barcelona :
Nombre del editor, distribuidor, etc. RBA,
Fecha de publicación, distribución, etc. [2005]
300 ## - DESCRIPCIÓN FÍSICA
Extensión 1144 p. ;
Dimensiones 21 cm.
490 1# - MENCIÓN DE SERIE
Mención de serie Obras selectas ;
Designación de volumen o secuencia 1
500 ## - NOTA GENERAL
Nota general Índice.
505 8# - NOTA DE CONTENIDO CON FORMATO
Nota de contenido con formato Contiene: ;
Título Prosa lírica (Con el carbón del sol) ;
-- Prosa crítica (El andarín de su órbita) ;
-- Diario vital y estético ;
-- Cartas - Apéndice I: Prólogos a libros no realizados - Apéndice II: ;
-- Una carta de Zenobia Camprubí de Jiménez a José Ruiz-Castillo
700 1# - ENTRADA AGREGADA--NOMBRE PERSONAL
Nombre de persona Crespo, Ángel,
Fechas asociadas al nombre 1926-1995
9 (RLIN) 41513
700 1# - ENTRADA AGREGADA--NOMBRE PERSONAL
Nombre de persona Gómez Bedate, Pilar,
Fechas asociadas al nombre 1936-2017
9 (RLIN) 57833
700 1# - ENTRADA AGREGADA--NOMBRE PERSONAL
Nombre de persona Sánchez Barbudo, Antonio.
9 (RLIN) 102480
710 2# - ENTRADA AGREGADA--NOMBRE DE ENTIDAD CORPORATIVA
Nombre de entidad corporativa o nombre de jurisdicción como elemento de entrada Instituto Cervantes.
9 (RLIN) 4811
830 0# - PUNTO DE ACCESO ADICIONAL DE SERIE-TÍTULO UNIFORME
Título uniforme Obras selectas ;
Designación de volumen o secuencia 1
9 (RLIN) 232559
852 ## - LOCALIZACIÓN
Ubicación ES-MaACL
Número de control de estantería A-13561
itemnumber 191669
Sublocalización o colección R.150456
Ubicación en estantería Depósito 1
Signatura antigua Olim: N-6561
942 ## - ELEMENTOS DE ENTRADA SECUNDARIOS (KOHA)
Fuente del sistema de clasificación o colocación Clasificación decimal universal
Tipo de ítem Koha Libro impreso
Holdings
Estatus retirado Estado de pérdida Fuente del sistema de clasificación o colocación Estado de daño No para préstamo Biblioteca de origen Biblioteca actual Ubicación en estantería Fecha de adquisición Fuente de adquisición Total de préstamos Signatura topográfica completa Código de barras Visto por última vez Precio de reemplazo Tipo de ítem Koha
    Clasificación decimal universal     Biblioteca del Ateneo de Madrid Biblioteca del Ateneo de Madrid Depósito 1 03/11/2015 Donación   A-13561 1194423 23/02/2023 23/02/2023 Libro impreso